|
|
|
|
| LEADER |
00000nam a22000007a 4500 |
| 005 |
20201023131659.0 |
| 007 |
cr|||| |||| |
| 008 |
201023s2017 do |||||s|||| 00||0 spa d |
| 020 |
|
|
|a 978-9945-9076-3-6
|
| 035 |
|
|
|a 32102
|
| 040 |
|
|
|a vLex
|
| 090 |
|
|
|c 10790
|d 10790
|
| 100 |
1 |
|
|a Guzmǹ Ariza, Fabio J.
|
| 245 |
1 |
0 |
|a Modelos para las SRL y EIRL
|h [Recurso electrn̤ico] /
|c Fabio J. Guzmǹ Ariza, Jos ̌Luis Taveras
|
| 256 |
|
|
|a Servicio en ln̕ea
|
| 260 |
|
|
|a Santo Domingo:
|b Gaceta Judicial,
|c 2017
|
| 300 |
|
|
|a 1 recurso electrn̤ico
|
| 500 |
|
|
|a Este libro es un formulario que contiene los modelos para los procesos ms̀ relevantes relativos a la formacin̤, operacin̤, modificacin̤, expansin̤ y disolucin̤ de las sociedades de responsabilidad limitada (SRL) y las empresas individuales de responsabilidad limitada (EIRL) que dispone la Ley General de Sociedades Comerciales y Empresas Individuales de Responsabilidad Limitada No. 479-08. En conjunto, las SRL y EIRL representan ms̀ del 99 % de las sociedades y empresas de responsabilidad limitada constituidas en la Repb︢lica Dominicana. Se han privilegiado los modelos ms̀ manejables y sencillos posibles, acorde con las caracters̕ticas esenciales de estos dos tipos de entidades comerciales, que son la simplicidad y la flexibilidad, con el props̤ito de aligerar el pesado formalismo de nuestra actual prc̀tica societaria. Modelos para las SRL y EIRL contiene 103 modelos distintos, distribuidos en dos partes, una dedicada a la SRL (con 81 modelos) y la otra a la EIRL (con 22 modelos), y anotados con ms̀ de 700 notas al pie que explican el contenido y la base legal de cada uno de ellos.
|
| 506 |
1 |
|
|a Disponible solo en los productos indicados
|d vLex Global
|d vLex Global (Academic Edition, excluding Law Schools)
|d vLex Global (U.S. Academic Edition, Law Schools)
|d vLex Global (U.S. Academic Edition, excluding Law Schools)
|d vLex Global (Academic Edition, Law Schools)
|
| 650 |
0 |
4 |
|a Sociedades
|z Repb︢lica Dominicana
|
| 700 |
1 |
|
|a Taveras, Jos ̌Luis
|
| 740 |
0 |
|
|a vLex Libros (Servicio en ln̕ea)
|
| 856 |
4 |
0 |
|u http://vlex.com/source/modelos-para-las-srl-y-eirl-32102
|z Acceso restringido
|
| 942 |
|
|
|c BOOK
|
| 999 |
0 |
|
|a Societies
|